000 00298nam a22001457a 4500
008 230529b ||||| |||| 00| 0 eng d
020 _a9782264019035
041 _aFRA
080 _a82
082 _a82SHA
100 _a38
101 _aGJL
245 _aWILT 3
_cSHARPE TOM
942 _2udc
_cBK
999 _c59854
_d59854